000 00653nam a2200253Ia 4500
001 43084
005 20240114003533.0
007 ta
008 080806s1951 g b000 u 491 u
040 _aCottonCollege,Assam
041 _a491
082 _a294.516
_bB 469 Sr
100 _aBhattacharyya, Bhagawat .
245 0 _aSrimodvoktibibak /
_cBhagawat Bhattacharyya.
_hTextual Documents
250 _aIst ed /
260 _aNalbari :
_bHarinarayan Duttabarua ,
_c1951.
300 _a205p ;
_c18cm.
653 _aReligion
653 _aT/G-Religion
942 _2ddc
_cBK
999 _c43050
_d43050